00500 2200193 4500001002100000005001500021035002000036245007300056100001700129250000600146300003400152700000900186260003100195082001200226084001800238020002200256650001100278990001700289INLIS00000000000133020190910050605 a0010-09190000341 aKisah Imam Hadits yang Legendaris /cFadila Hanum ; Ilustrator, Rafi0 aFadila Hanum a- ax, 46 hlm. :bIlus. ;c24 cm.0 aRafi aSolo :bTiga Ananda,c2018 a297.124 a297.124 FAD k a978-602-366-487-0 aHadits a04670/H/2018